Top XIs: Eintracht Frankfurt (1977-2023) - Statistics

General Stats
  • This quiz has been taken 122 times
  • The average score is 118 of 450
Answer Stats
Hint Position Answer % Correct
2018/2019 MF Filip Kostić
86%
2019/2020 MF Filip Kostić
86%
2020/2021 MF Filip Kostić
86%
2021/2022 MF Filip Kostić
86%
2018/2019 ST Luka Jović
86%
2011/2012 MF Sebastian Rode
78%
2012/2013 MF Sebastian Rode
78%
2013/2014 MF Sebastian Rode
78%
2019/2020 MF Sebastian Rode
78%
2016/2017 ST Ante Rebić
76%
2017/2018 ST Ante Rebić
76%
2018/2019 ST Ante Rebić
76%
2004/2005 ST Alexander Meier
72%
2005/2006 ST Alexander Meier
72%
2006/2007 ST Alexander Meier
72%
2009/2010 ST Alexander Meier
72%
2010/2011 ST Alexander Meier
72%
2011/2012 ST Alexander Meier
72%
2012/2013 ST Alexander Meier
72%
2013/2014 ST Alexander Meier
72%
2014/2015 ST Alexander Meier
72%
2019/2020 MF Daichi Kamada
72%
2020/2021 MF Daichi Kamada
72%
2021/2022 MF Daichi Kamada
72%
2022/2023 MF Daichi Kamada
72%
2014/2015 DF Makoto Hasebe
72%
2015/2016 MF Makoto Hasebe
72%
2017/2018 MF Makoto Hasebe
72%
2018/2019 DF Makoto Hasebe
72%
2019/2020 DF Makoto Hasebe
72%
2020/2021 MF Makoto Hasebe
72%
2018/2019 ST Sébastien Haller
72%
2022/2023 MF Mario Götze
71%
2019/2020 DF Martin Hinteregger
71%
2020/2021 DF Martin Hinteregger
71%
2021/2022 DF Martin Hinteregger
71%
2021/2022 ST Rafael Borré
71%
2022/2023 ST Rafael Borré
71%
2022/2023 ST Randal Kolo Muani
71%
2020/2021 DF Tuta
69%
2021/2022 DF Tuta
69%
2022/2023 DF Tuta
69%
2019/2020 MF Djibril Sow
66%
2020/2021 MF Djibril Sow
66%
2021/2022 MF Djibril Sow
66%
2022/2023 MF Djibril Sow
66%
2018/2019 DF Evan N'Dicka
66%
2019/2020 DF Evan N'Dicka
66%
2020/2021 DF Evan N'Dicka
66%
2021/2022 DF Evan N'Dicka
66%
2022/2023 DF Evan N'Dicka
66%
2019/2020 ST André Silva
60%
2020/2021 ST André Silva
60%
2021/2022 MF Jesper Lindstrøm
60%
2022/2023 MF Jesper Lindstrøm
60%
2003/2004 DF Du-ri Cha
55%
2004/2005 DF Du-ri Cha
55%
1977-1979 MF Jürgen Grabowski
52%
1979/1980 MF Jürgen Grabowski
52%
2022/2023 DF Almamy Touré
50%
2021/2022 MF Ansgar Knauff
50%
1977-1979 ST Bernd Hölzenbein
50%
1979/1980 ST Bernd Hölzenbein
50%
1980/1981 ST Bernd Hölzenbein
50%
2016/2017 MF Mijat Gaćinović
50%
2017/2018 MF Mijat Gaćinović
50%
2018/2019 MF Mijat Gaćinović
50%
1990/1991 ST Tony Yeboah
50%
1991/1992 ST Tony Yeboah
50%
1992/1993 ST Tony Yeboah
50%
1993/1994 ST Tony Yeboah
50%
1994/1995 ST Tony Yeboah
50%
2021/2022 MF Kristijan Jakić
48%
2018/2019 DF Danny da Costa
47%
1992/1993 MF Jay-Jay Okocha
47%
1994/1995 MF Jay-Jay Okocha
47%
1995/1996 MF Jay-Jay Okocha
47%
2022/2023 DF Christopher Lenz
45%
2015/2016 DF David Abraham
45%
2016/2017 DF David Abraham
45%
2017/2018 DF David Abraham
45%
2018/2019 DF David Abraham
45%
2019/2020 DF David Abraham
45%
2007/2008 DF Marco Russ
45%
2008/2009 DF Marco Russ
45%
2009/2010 DF Marco Russ
45%
2010/2011 DF Marco Russ
45%
2013/2014 DF Marco Russ
45%
2014/2015 DF Marco Russ
45%
2015/2016 DF Marco Russ
45%
2014/2015 DF Timothy Chandler
45%
2016/2017 DF Timothy Chandler
45%
2017/2018 DF Timothy Chandler
45%
1977-1979 DF Charly Körbel
43%
1979/1980 DF Charly Körbel
43%
1980/1981 DF Charly Körbel
43%
1981/1982 DF Charly Körbel
43%
1982/1983 DF Charly Körbel
43%
1983/1984 DF Charly Körbel
43%
1984/1985 DF Charly Körbel
43%
1985/1986 DF Charly Körbel
43%
1986/1987 DF Charly Körbel
43%
1987/1988 DF Charly Körbel
43%
1988/1989 DF Charly Körbel
43%
1989/1990 DF Charly Körbel
43%
1990/1991 DF Charly Körbel
43%
1979/1980 MF Helmut Müller
41%
1977-1979 MF Helmut Müller
41%
2017/2018 MF K.-Prince Boateng
41%
2010/2011 DF Sebastian Jung
41%
2011/2012 DF Sebastian Jung
41%
2012/2013 DF Sebastian Jung
41%
2013/2014 DF Sebastian Jung
41%
1984/1985 MF Uwe Müller
41%
2003/2004 ST Giannis Amanatidis
40%
2005/2006 ST Giannis Amanatidis
40%
2006/2007 ST Giannis Amanatidis
40%
2007/2008 ST Giannis Amanatidis
40%
2014/2015 ST Haris Seferović
40%
2015/2016 ST Haris Seferović
40%
2017/2018 ST Haris Seferović
40%
1986/1987 MF Andreas Möller
38%
1987/1988 MF Andreas Möller
38%
1990/1991 MF Andreas Möller
38%
1991/1992 MF Andreas Möller
38%
2010/2011 ST Teofanis Gekas
38%
2011/2012 ST Teofanis Gekas
38%
2019/2020 ST Bas Dost
36%
2009/2010 MF Pirmin Schwegler
34%
2010/2011 MF Pirmin Schwegler
34%
2011/2012 MF Pirmin Schwegler
34%
2012/2013 MF Pirmin Schwegler
34%
2012/2013 MF Stefan Aigner
34%
2013/2014 MF Stefan Aigner
34%
2014/2015 MF Stefan Aigner
34%
2015/2016 MF Stefan Aigner
34%
1989/1990 MF Uwe Bein
34%
1990/1991 MF Uwe Bein
34%
1991/1992 MF Uwe Bein
34%
1992/1993 MF Uwe Bein
34%
1993/1994 MF Uwe Bein
34%
1981/1982 ST Bernd Nickel
31%
1982/1983 ST Bernd Nickel
31%
2004/2005 MF Patrick Ochs
31%
2005/2006 MF Patrick Ochs
31%
2006/2007 DF Patrick Ochs
31%
2007/2008 DF Patrick Ochs
31%
2008/2009 MF Patrick Ochs
31%
2009/2010 MF Patrick Ochs
31%
2010/2011 MF Patrick Ochs
31%
1996/1997 MF Alexander Schur
29%
1997/1998 MF Alexander Schur
29%
1998/1999 MF Alexander Schur
29%
1999/2000 MF Alexander Schur
29%
2000/2001 MF Alexander Schur
29%
2001/2002 MF Alexander Schur
29%
2002/2003 MF Alexander Schur
29%
2003/2004 MF Alexander Schur
29%
2004/2005 MF Alexander Schur
29%
2016/2017 MF Marco Fabián
29%
2012/2013 MF Takashi Inui
29%
2014/2015 MF Takashi Inui
29%
2004/2005 MF Benjamin Köhler
28%
2005/2006 MF Benjamin Köhler
28%
2007/2008 MF Benjamin Köhler
28%
2008/2009 MF Benjamin Köhler
28%
2009/2010 MF Benjamin Köhler
28%
2010/2011 MF Benjamin Köhler
28%
2011/2012 MF Benjamin Köhler
28%
2005/2006 DF Christoph Spycher
28%
2006/2007 DF Christoph Spycher
28%
2007/2008 DF Christoph Spycher
28%
2008/2009 DF Christoph Spycher
28%
2009/2010 DF Christoph Spycher
28%
2010/2011 DF Georgios Tzavellas
28%
2007/2008 ST Martin Fenin
28%
2008/2009 ST Martin Fenin
28%
2018/2019 MF Gélson Fernandes
26%
2016/2017 DF Jesús Vallejo
26%
1993/1994 MF Maurizio Gaudino
26%
1996/1997 MF Maurizio Gaudino
26%
1981/1982 MF Ralf Falkenmayer
26%
1982/1983 MF Ralf Falkenmayer
26%
1983/1984 MF Ralf Falkenmayer
26%
1984/1985 MF Ralf Falkenmayer
26%
1985/1986 MF Ralf Falkenmayer
26%
1989/1990 MF Ralf Falkenmayer
26%
1990/1991 MF Ralf Falkenmayer
26%
1991/1992 MF Ralf Falkenmayer
26%
1993/1994 MF Ralf Falkenmayer
26%
2020/2021 MF Stefan Ilsanker
26%
1979/1980 DF Bruno Pezzey
24%
1980/1981 DF Bruno Pezzey
24%
1981/1982 DF Bruno Pezzey
24%
1982/1983 DF Bruno Pezzey
24%
2020/2021 DF Erik Durm
24%
1988/1989 ST Jørn Andersen
24%
1989/1990 ST Jørn Andersen
24%
1991/1992 ST Jørn Andersen
24%
1991/1992 DF Uwe Bindewald
24%
1992/1993 DF Uwe Bindewald
24%
1994/1995 DF Uwe Bindewald
24%
1995/1996 DF Uwe Bindewald
24%
1996/1997 DF Uwe Bindewald
24%
1997/1998 DF Uwe Bindewald
24%
1998/1999 DF Uwe Bindewald
24%
1999/2000 DF Uwe Bindewald
24%
2001/2002 DF Uwe Bindewald
24%
2002/2003 DF Uwe Bindewald
24%
2003/2004 DF Uwe Bindewald
24%
2011/2012 DF Anderson Bamba
22%
2012/2013 DF Anderson Bamba
22%
2012/2013 DF Bastian Oczipka
22%
2014/2015 DF Bastian Oczipka
22%
2015/2016 DF Bastian Oczipka
22%
2016/2017 DF Bastian Oczipka
22%
1998/1999 MF Bernd Schneider
22%
2017/2018 DF Carlos Salcedo
22%
2012/2013 DF Carlos Zambrano
22%
2013/2014 DF Carlos Zambrano
22%
2015/2016 DF Carlos Zambrano
22%
2003/2004 DF Chris
22%
2004/2005 DF Chris
22%
2005/2006 DF Chris
22%
2008/2009 DF Chris
22%
2009/2010 DF Chris
22%
1986/1987 DF Manfred Binz
22%
1987/1988 DF Manfred Binz
22%
1988/1989 DF Manfred Binz
22%
1989/1990 DF Manfred Binz
22%
1990/1991 DF Manfred Binz
22%
1991/1992 DF Manfred Binz
22%
1992/1993 DF Manfred Binz
22%
1993/1994 DF Manfred Binz
22%
1994/1995 DF Manfred Binz
22%
1995/1996 DF Manfred Binz
22%
2008/2009 ST Nikos Liberopoulos
22%
2009/2010 ST Nikos Liberopoulos
22%
1977-1979 DF Norbert Nachtweih
22%
1979/1980 DF Norbert Nachtweih
22%
1980/1981 DF Norbert Nachtweih
22%
1981/1982 DF Norbert Nachtweih
22%
2005/2006 DF Aleksandar Vasoski
21%
2006/2007 DF Aleksandar Vasoski
21%
2017/2018 DF Jetro Willems
21%
2006/2007 ST Naohiro Takahara
21%
2016/2017 MF Omar Mascarell
21%
1991/1992 MF Ralf Weber
21%
1992/1993 MF Ralf Weber
21%
1993/1994 MF Ralf Weber
21%
1994/1995 MF Ralf Weber
21%
1996/1997 MF Ralf Weber
21%
1997/1998 MF Ralf Weber
21%
1998/1999 MF Ralf Weber
21%
1999/2000 MF Ralf Weber
21%
2000/2001 MF Ralf Weber
21%
1998/1999 ST Jan Aage Fjörtoft
19%
2001/2002 MF Jermaine Jones
19%
2002/2003 MF Jermaine Jones
19%
2004/2005 MF Jermaine Jones
19%
2005/2006 MF Jermaine Jones
19%
2013/2014 ST Joselu
19%
2017/2018 MF Marius Wolf
19%
2013/2014 MF Johannes Flum
17%
2012/2013 ST Karim Matmour
17%
1979/1980 MF Ronny Borchers
17%
1980/1981 MF Ronny Borchers
17%
1982/1983 MF Ronny Borchers
17%
1983/1984 MF Ronny Borchers
17%
2015/2016 MF Szabolcs Huszti
17%
2016/2017 MF Szabolcs Huszti
17%
1983/1984 DF Thomas Berthold
17%
1984/1985 DF Thomas Berthold
17%
1985/1986 DF Thomas Berthold
17%
1986/1987 DF Thomas Berthold
17%
2005/2006 MF Benjamin Huggel
16%
2006/2007 MF Benjamin Huggel
16%
2006/2007 DF Sotiris Kyrgiakos
16%
2007/2008 DF Sotiris Kyrgiakos
16%
2016/2017 ST Branimir Hrgota
14%
2001/2002 MF Christoph Preuß
14%
2003/2004 MF Christoph Preuß
14%
2009/2010 DF Maik Franz
14%
2010/2011 DF Maik Franz
14%
2006/2007 MF Michael Fink
14%
2007/2008 MF Michael Fink
14%
2008/2009 MF Michael Fink
14%
1979/1980 ST Cha Bum-kun
12%
1980/1981 ST Cha Bum-kun
12%
1981/1982 ST Cha Bum-kun
12%
1982/1983 ST Cha Bum-kun
12%
2011/2012 DF Constant Djakpa
12%
2013/2014 DF Constant Djakpa
12%
2001/2002 MF Ervin Skela
12%
2002/2003 MF Ervin Skela
12%
2003/2004 MF Ervin Skela
12%
2011/2012 DF Gordon Schildenfeld
12%
1987/1988 MF Lajos Détári
12%
2014/2015 MF Marc Stendera
12%
2015/2016 MF Marc Stendera
12%
1977-1979 DF Willi Neuberger
12%
1979/1980 DF Willi Neuberger
12%
1980/1981 DF Willi Neuberger
12%
1981/1982 DF Willi Neuberger
12%
1998/1999 ST Chen Yang
10%
1999/2000 ST Chen Yang
10%
1987/1988 MF Frank Schulz
10%
2008/2009 DF Markus Steinhöfer
10%
2011/2012 ST Moham. Idrissou
10%
2006/2007 MF Albert Streit
9%
2004/2005 ST Arie van Lent
9%
1992/1993 ST Axel Kruse
9%
2009/2010 MF Halil Altıntop
9%
2010/2011 MF Halil Altıntop
9%
1999/2000 MF Horst Heldt
9%
2000/2001 MF Horst Heldt
9%
2007/2008 MF Junichi Inamoto
9%
2008/2009 MF Junichi Inamoto
9%
2013/2014 MF Tranquillo Barnetta
9%
1977-1979 MF Werner Lorant
9%
1979/1980 MF Werner Lorant
9%
1980/1981 MF Werner Lorant
9%
1981/1982 MF Werner Lorant
9%
1982/1983 MF Werner Lorant
9%
2002/2003 MF Henning Bürger
7%
2003/2004 MF Henning Bürger
7%
2002/2003 DF Jens Keller
7%
2005/2006 DF Marko Rehmer
7%
2007/2008 MF Mehdi Mahdavikia
7%
2000/2001 ST Paweł Kryszałowicz
7%
2001/2002 ST Paweł Kryszałowicz
7%
2002/2003 ST Paweł Kryszałowicz
7%
1977-1979 MF Wolfgang Kraus
7%
1986/1987 MF Wolfgang Kraus
7%
2014/2015 MF Aleksandar Ignjovski
5%
2015/2016 MF Aleksandar Ignjovski
5%
1999/2000 ST Bachirou Salou
5%
2000/2001 DF Gerd Wimmer
5%
2001/2002 DF Gerd Wimmer
5%
1993/1994 ST Jan Furtok
5%
1994/1995 ST Jan Furtok
5%
1995/1996 ST Johnny Ekström
5%
1996/1997 ST Johnny Ekström
5%
2003/2004 MF Markus Kreuz
5%
1996/1997 ST Urs Güntensperger
5%
1986/1987 MF Włodzim. Smolarek
5%
1987/1988 MF Włodzim. Smolarek
5%
1996/1997 DF Alex Kutschera
3%
1997/1998 DF Alex Kutschera
3%
1998/1999 DF Alex Kutschera
3%
1999/2000 DF Alex Kutschera
3%
2000/2001 DF Alex Kutschera
3%
2002/2003 MF David Montero
3%
1987/1988 DF Dietmar Roth
3%
1988/1989 DF Dietmar Roth
3%
1989/1990 DF Dietmar Roth
3%
1990/1991 DF Dietmar Roth
3%
1991/1992 DF Dietmar Roth
3%
1993/1994 DF Dietmar Roth
3%
1994/1995 DF Dietmar Roth
3%
1995/1996 DF Dietmar Roth
3%
1988/1989 MF Heinz Gründel
3%
1989/1990 MF Heinz Gründel
3%
1990/1991 MF Heinz Gründel
3%
1983/1984 ST Jan Svensson
3%
1984/1985 MF Jan Svensson
3%
1985/1986 MF Jan Svensson
3%
1992/1993 DF Kakha Tskhadadze
3%
1993/1994 DF Kakha Tskhadadze
3%
1997/1998 MF Marco Gebhardt
3%
1999/2000 MF Marco Gebhardt
3%
2000/2001 MF Marco Gebhardt
3%
1983/1984 MF Martin Trieb
3%
1984/1985 MF Martin Trieb
3%
1994/1995 DF Mirko Dickhaut
3%
1996/1997 DF Mirko Dickhaut
3%
1997/1998 MF Olaf Janßen
3%
2001/2002 ST Saša Ćirić
3%
1992/1993 DF Slob. Komljenović
3%
1993/1994 DF Slob. Komljenović
3%
1994/1995 DF Slob. Komljenović
3%
1995/1996 DF Slob. Komljenović
3%
1996/1997 DF Slob. Komljenović
3%
1982/1983 MF Thomas Kroth
3%
1983/1984 MF Thomas Kroth
3%
1984/1985 MF Thomas Kroth
3%
1997/1998 DF Thomas Zampach
3%
1994/1995 MF Thorsten Legat
3%
1999/2000 DF Torsten Kracht
3%
2000/2001 DF Torsten Kracht
3%
2001/2002 DF Andree Wiedener
2%
2002/2003 DF Andree Wiedener
2%
2003/2004 DF Andree Wiedener
2%
2004/2005 DF Andree Wiedener
2%
1983/1984 DF Armin Kraaz
2%
1984/1985 DF Armin Kraaz
2%
1985/1986 DF Armin Kraaz
2%
1986/1987 DF Armin Kraaz
2%
1984/1985 ST Cezary Tobollik
2%
1986/1987 ST Dave Mitchell
2%
1977-1979 DF Dragi Stepanović
2%
1985/1986 ST Harry Krämer
2%
1986/1987 ST Janusz Turowski
2%
1987/1988 ST Janusz Turowski
2%
1988/1989 ST Janusz Turowski
2%
1985/1986 MF Josef Sarroca
2%
2002/2003 DF J. Tsoumou-Madza
2%
2001/2002 DF Karel Rada
2%
1996/1997 DF Marco Rossi
2%
1995/1996 MF Matthias Hagner
2%
1980/1981 DF Michael Sziedat
2%
1981/1982 DF Michael Sziedat
2%
1982/1983 DF Michael Sziedat
2%
1983/1984 DF Michael Sziedat
2%
1977-1979 ST Rudolf Elsener
2%
1980/1981 MF Stefan Lottermann
2%
1981/1982 MF Stefan Lottermann
2%
1989/1990 MF Stefan Studer
2%
1990/1991 MF Stefan Studer
2%
1991/1992 DF Stefan Studer
2%
1992/1993 MF Stefan Studer
2%
1997/1998 MF Thomas Sobotzik
2%
1998/1999 MF Thomas Sobotzik
2%
2000/2001 MF Thomas Sobotzik
2%
1998/1999 DF Tore Pedersen
2%
1988/1989 ST Dieter Eckstein
0%
1989/1990 ST Dieter Eckstein
0%
1990/1991 ST Dieter Eckstein
0%
1988/1989 MF Dirk Bakalorz
0%
1985/1986 ST Holger Friz
0%
1995/1996 ST Ivica Mornar
0%
1985/1986 DF Klaus Theiss
0%
1995/1996 MF Markus Schupp
0%
1995/1996 MF Ned Zelic
0%
1997/1998 DF Petar Hubchev
0%
1998/1999 DF Petar Hubchev
0%
1999/2000 DF Petar Hubchev
0%
2000/2001 DF Petar Hubchev
0%
1983/1984 MF Ralf Sievers
0%
1984/1985 MF Ralf Sievers
0%
1985/1986 MF Ralf Sievers
0%
1986/1987 MF Ralf Sievers
0%
1987/1988 MF Ralf Sievers
0%
1988/1989 MF Ralf Sievers
0%
1989/1990 MF Ralf Sievers
0%
1997/1998 ST Thomas Epp
0%
1987/1988 DF Thomas Klepper
0%
1988/1989 DF Thomas Klepper
0%
2004/2005 DF Torben Hoffmann
0%
1982/1983 DF Uwe Schremel
0%
No matching quizzes found
Score Distribution
Percent of People with Each Score
Percentile by Number Answered
Your Score History
You have not taken this quiz